Surface finishing of Ti-6Al-4V alloy using plasma-electrolyte technology

Gespeichert in:
Bibliographische Detailangaben
1. Verfasser: Prabhakar, Darshan Reddy (Verfasst von)
Weitere Verfasser: Pokusová, Marcela (Betreuung Doktorarbeit)
Format: Manuskript Buch
Sprache:Slowakisch
Englisch
Veröffentlicht: 2024
Schlagworte:
Online-Zugang:http://is.stuba.sk/zp/portal_zp.pl?podrobnosti=179935
Tags: Tag hinzufügen
Keine Tags, Fügen Sie das erste Tag hinzu!

MARC

LEADER 00000ntm a22000003a 4500
001 stuzp99944
003 SK-STU
005 20250306100936.5
007 ta
008 150427s2015----xo-----f-mn---000-0-slo-d
040 |a STU  |b slo 
041 0 |a eng 
100 1 |a Prabhakar, Darshan Reddy  |u 020070  |4 aut  |U SjF Strojnícka fakulta  |T SjF Ústav výrobného inžinierstva a kvality produkcie  |X 123577  |U J0070  |Y 804  |7 123577 
242 0 1 |a Povrchová úprava zliatin Ti-6AI-4V pomocou plazmovej elektrolytickej technológie  |y slo 
245 1 0 |a Surface finishing of Ti-6Al-4V alloy using plasma-electrolyte technology 
260 |c 2024 
650 4 |a Biomedicínske zliatiny titánu  |2 slo 
650 4 |a Plazmové elektrolytické technológie  |2 slo 
650 4 |a plazmové elektrolytické leštenie  |2 slo 
650 4 |a Biomedical Titanium Alloys  |2 eng 
650 4 |a Plasma Electrolytic Technologies  |2 eng 
650 4 |a Plasma Electrolytic Polishing  |2 eng 
700 1 |a Pokusová, Marcela  |u 020070  |k Z1  |4 ths  |U SjF Strojnícka fakulta  |T SjF Ústav výrobného inžinierstva a kvality produkcie  |X 236  |U J0070  |Y 804  |7 A000000236 
856 4 |u http://is.stuba.sk/zp/portal_zp.pl?podrobnosti=179935 
996 |b 284J047759  |c J* 3849/DDP  |l JJSK  |s A  |a 24  |w stuzp99944_0001